Statistiques concernant Les préfectures des 5 départements de la région Hauts de France

Cliquez ici pour prendre le quiz!

Statistiques générales

  • Ce quiz a été pris 107 fois
  • Le résultat moyen est 4 sur 5

Statistiques - réponses

DépartementPréfecture% Correct
59Lille
100%
80Amiens
95%
02Laon
85%
62Arras
84%
60Beauvais
80%

Distribution des résultats

Percentile par nombre de réponses

% des personnes avec chaque résultat

Votre développement - résultats

Vous n’avez pas pris ce quiz